| 000 | 00764nab#a2200253#c#4500 | ||
|---|---|---|---|
| 999 |
_c87965 _d87965 |
||
| 003 | IEF | ||
| 005 | 20191205103253.0 | ||
| 008 | 950704s1976 uuu|| #####0 b| |u | ||
| 040 |
_aIEF _cES-MaIEF |
||
| 100 | 1 |
_aRingrose, David R. _937537 |
|
| 245 |
_aVariaciones en la población de Madrid en relación con algunos aspectos de su mercado urbano (siglos XVI a XIX) _c David R. Ringrose |
||
| 260 | _c1976 | ||
| 500 | _aBibliografía | ||
| 650 | 4 |
_aHISTORIA ECONOMICA _945401 |
|
| 650 | 4 |
_aESPAÑA _941092 |
|
| 650 | 4 |
_aMADRID _947664 |
|
| 650 | 4 |
_aPOBLACION _948031 |
|
| 650 | 4 |
_aDEMOGRAFIA _941810 |
|
| 650 | 4 |
_aASPECTOS ECONOMICOS _932202 |
|
| 773 | 0 |
_tHacienda pública española _w34570 _g38, p. 179-199 |
|
| 942 | _2udc | ||
| 942 | _2udc | ||